000 01394nam a2200313 a 4500
001 000042088
003 DO-SdBNP
005 20250721120200.0
008 131113s2013 sp abc 000 0 spa d
020 _a9789945887778
040 _aDO-SdBNP
_bspa
_cBNPHU
082 _a972.93
_bH711h
100 1 _aHoffnug-Garskof, Jesse
_969077
245 1 0 _aHistoria de dos ciudades :
_bSanto Domingo y Nueva York después de 1950 /
_cJesse Hoffnug-Garskof ; traducción y cuidado de edición Aurora Martínez.
260 _aSanto Domingo :
_bAcademia Dominicana de la Historia,
_c2013.
300 _a478 p. :
_bil., retrs., mapas ;
_c23 cm.
490 1 _aAcademia Dominicana de la Historia
_v109
500 _aIncluye datos biográficos del autor en la solapa de la cubierta.
500 _aIncluye referencias bibliográficas y notas al pie de las páginas.
504 _aBibliografía: p. 449-460
650 4 _aCiudades y pueblos
_zRepública Dominicana (Santo Domingo)
_y1957-
_969078
650 4 _aCiudades y pueblos
_zEstados Unidos (Nueva York )
_y1957-
_969079
651 4 _aSanto Domingo (República Dominicana}
_xHistoria local
_y1957-
_969080
651 4 _aNueva York (Estados Unidos)
_xHistoria local
_y1957-
_969081
700 1 2 _aMartínez, Aurora
_etr.
_969082
830 0 _aAcademia Dominicana de la Historia
_n109
_969083
910 _aValidado. Control de calidad MFF
942 _2ddc
_cLBS1
999 _c41577
_d41577